<?xml version="1.0" encoding="UTF-8"?>
<collection xmlns="http://www.loc.gov/MARC21/slim">
<record>
  <controlfield tag="001">206393</controlfield>
  <controlfield tag="005">20230317222347.0</controlfield>
  <datafield tag="037" ind1=" " ind2=" ">
    <subfield code="a">GSI-2017-01199</subfield>
  </datafield>
  <datafield tag="041" ind1=" " ind2=" ">
    <subfield code="a">German</subfield>
  </datafield>
  <datafield tag="100" ind1="1" ind2=" ">
    <subfield code="a">Coche, Sylvie</subfield>
    <subfield code="0">P:(DE-HGF)0</subfield>
    <subfield code="b">0</subfield>
    <subfield code="g">female</subfield>
  </datafield>
  <datafield tag="245" ind1=" " ind2=" ">
    <subfield code="a">Kollektive Effekte eines mit einem Elektronenstrahl gekühlten Schwerionenstrahls im Speicherring ESR </subfield>
  </datafield>
  <datafield tag="260" ind1=" " ind2=" ">
    <subfield code="c">1989</subfield>
  </datafield>
  <datafield tag="300" ind1=" " ind2=" ">
    <subfield code="a">-</subfield>
  </datafield>
  <datafield tag="336" ind1="7" ind2=" ">
    <subfield code="a">Output Types/Dissertation</subfield>
    <subfield code="2">DataCite</subfield>
  </datafield>
  <datafield tag="336" ind1="7" ind2=" ">
    <subfield code="a">DISSERTATION</subfield>
    <subfield code="2">ORCID</subfield>
  </datafield>
  <datafield tag="336" ind1="7" ind2=" ">
    <subfield code="a">PHDTHESIS</subfield>
    <subfield code="2">BibTeX</subfield>
  </datafield>
  <datafield tag="336" ind1="7" ind2=" ">
    <subfield code="a">Thesis</subfield>
    <subfield code="0">2</subfield>
    <subfield code="2">EndNote</subfield>
  </datafield>
  <datafield tag="336" ind1="7" ind2=" ">
    <subfield code="a">Dissertation / PhD Thesis</subfield>
    <subfield code="b">phd</subfield>
    <subfield code="m">phd</subfield>
    <subfield code="0">PUB:(DE-HGF)11</subfield>
    <subfield code="s">1501161269_24503</subfield>
    <subfield code="2">PUB:(DE-HGF)</subfield>
  </datafield>
  <datafield tag="336" ind1="7" ind2=" ">
    <subfield code="a">doctoralThesis</subfield>
    <subfield code="2">DRIVER</subfield>
  </datafield>
  <datafield tag="502" ind1=" " ind2=" ">
    <subfield code="a">Universität Paris-sud (Frankreich), Diss., 1998</subfield>
    <subfield code="c">Universität Paris-sud (Frankreich)</subfield>
    <subfield code="b">Dr.</subfield>
    <subfield code="d">1998</subfield>
  </datafield>
  <datafield tag="536" ind1=" " ind2=" ">
    <subfield code="a">899 - ohne Topic (POF3-899)</subfield>
    <subfield code="0">G:(DE-HGF)POF3-899</subfield>
    <subfield code="c">POF3-899</subfield>
    <subfield code="f">POF III</subfield>
    <subfield code="x">0</subfield>
  </datafield>
  <datafield tag="650" ind1=" " ind2="7">
    <subfield code="x">Diss.</subfield>
  </datafield>
  <datafield tag="909" ind1="C" ind2="O">
    <subfield code="o">oai:repository.gsi.de:206393</subfield>
    <subfield code="p">VDB</subfield>
  </datafield>
  <datafield tag="913" ind1="1" ind2=" ">
    <subfield code="a">DE-HGF</subfield>
    <subfield code="b">Programmungebundene Forschung</subfield>
    <subfield code="l">ohne Programm</subfield>
    <subfield code="1">G:(DE-HGF)POF3-890</subfield>
    <subfield code="0">G:(DE-HGF)POF3-899</subfield>
    <subfield code="2">G:(DE-HGF)POF3-800</subfield>
    <subfield code="v">ohne Topic</subfield>
    <subfield code="x">0</subfield>
    <subfield code="4">G:(DE-HGF)POF</subfield>
    <subfield code="3">G:(DE-HGF)POF3</subfield>
  </datafield>
  <datafield tag="920" ind1=" " ind2=" ">
    <subfield code="l">yes</subfield>
  </datafield>
  <datafield tag="920" ind1="1" ind2=" ">
    <subfield code="0">I:(DE-Ds200)APH-20060809OR090</subfield>
    <subfield code="k">APH</subfield>
    <subfield code="l">Accelerator Physics</subfield>
    <subfield code="x">0</subfield>
  </datafield>
  <datafield tag="980" ind1=" " ind2=" ">
    <subfield code="a">phd</subfield>
  </datafield>
  <datafield tag="980" ind1=" " ind2=" ">
    <subfield code="a">VDB</subfield>
  </datafield>
  <datafield tag="980" ind1=" " ind2=" ">
    <subfield code="a">I:(DE-Ds200)20121002OR090</subfield>
  </datafield>
  <datafield tag="980" ind1=" " ind2=" ">
    <subfield code="a">I:(DE-Ds200)APH-20060809OR090</subfield>
  </datafield>
  <datafield tag="980" ind1=" " ind2=" ">
    <subfield code="a">UNRESTRICTED</subfield>
  </datafield>
</record>
</collection>